Jatka lauluja - Statistics

Yleistilastot
  • Tätä visaa on pelattu 202 kertaa
  • Keskiarvotulos 3 / 10
Vastaustilastot
Lause Puuttuva sana % Oikein
Kuka sanoi, että askel painaa jo? Olen kevyt kuin ____ sudenkorento
60%
Hän halusi nimensä tähtiin, hän halusi olla ____ kuolematon
54%
Ajat oli huonot, kun mä olin _____ nuori
54%
Suuri Saimaa, mut sata on hylkeitä vaan. Kohta _____ jäljellä
47%
Ikuisesti kolisevat sanat tyhjyyteen, on jälleen tuskan viitta ____ hartioilla
35%
Tuota lapsuuteni kuvaa vielä hetken ____ muistelen
32%
Ei taattoni neuvojaan tarjonnutkaan, poika kun ____ maailmalle
20%
Jos kaiken itse pilaa, on turha olla ____ pettynyt
10%
Mun isä uransa loi kyläkauppiaana, hän tunsi ihmismielen ____ piilotajunnan
5%
Kasvatti kauniin oon pohjoisen. Sain kyllä ____ ammatin
4%
Ehtoja vastaavia visoja ei löytynyt
Tulosjakauma
Jokaisen tuloksen saaneiden osuus
Persentiili vastausten määrän mukaan
Tuloshistoriasi
Et ole pelannut tätä visaa